Personal Angel (Record no. 33438)

MARC details
000 -LEADER
fixed length control field 00382nam a2200169Ia 4500
020 ## - INTERNATIONAL STANDARD BOOK NUMBER
ISBN 978-978480994-8
050 ## - CALL MARK
Classification number KZ 390 .A9/
100 ## - STATEMENT OF RESPONSIBILITY--MAIN AUTHOR NAME
Personal name Alkali, Fatima Ba,aram
245 #0 - TITLE STATEMENT
Title Personal Angel
260 ## - PUBLICATION, DISTRIBUTION, ETC. (IMPRINT)
Place of publication Niger State
260 ## - PUBLICATION, DISTRIBUTION, ETC. (IMPRINT)
Name of publisher Amab pub
260 ## - PUBLICATION, DISTRIBUTION, ETC. (IMPRINT)
Year of publication 2018
300 ## - PHYSICAL DESCRIPTION
Number of Pages 343 p
942 ## - ADDED ENTRY ELEMENTS (KOHA)
Koha item type Books
Holdings
Withdrawn status Lost status Source of classification or shelving scheme Damaged status Not for loan Permanent Location Current Location Shelving location Date acquired Accession Number Price effective from Koha item type
    Library of Congress Classification     Law Library Law Library Items on shelf 04/23/2025 0196602 04/23/2025 Books